Koučování : Kdy, jak a proč

Gespeichert in:
Bibliographische Detailangaben
1. Verfasser: Daňková, Michaela (Verfasst von)
Format: Buch
Sprache:Tschechisch
Veröffentlicht: Praha : Grada Publishing, 2013
Ausgabe:2. aktual. a rozšíř. vyd.
Schriftenreihe:Vedení lidí v praxi
Schlagworte:
Tags: Tag hinzufügen
Keine Tags, Fügen Sie das erste Tag hinzu!

MARC

LEADER 00000nam a22000003a 4500
001 stu267389
005 20190206132511.3
008 130604s2013----xr------------------cze-d
020 |a 978-80-247-4121-5 
040 |a STU  |b slo 
041 0 |a cze 
044 |a xr 
080 |a 65 
100 1 |a Daňková, Michaela  |4 aut 
245 1 |a Koučování :  |b Kdy, jak a proč 
250 |a 2. aktual. a rozšíř. vyd. 
260 |a Praha :  |b Grada Publishing,  |c 2013 
300 |a 106 s 
650 7 |a koučovanie  |2 stusub 
650 7 |a manažment  |2 stusub 
830 0 |a Vedení lidí v praxi 
996 |b 284M085211  |c M*13492-2  |l MMKN  |s A  |a 24  |w stu267389_0001 
996 |b 284M085210  |c M*13492-1  |l MM710  |s A  |a 24  |w stu267389_0002